Understsnding Strategic Management/ (Record no. 201370)

MARC details
000 -LEADER
fixed length control field 00617nam a22001937a 4500
005 - DATE AND TIME OF LATEST TRANSACTION
control field 20240402102400.0
010 ## - LCCN (DPL NO)
LC control number ENG-139640
020 ## - INTERNATIONAL STANDARD BOOK NUMBER
Terms of availability 1500.00
International Standard Book Number 9789384862855
035 ## - SYSTEM CONTROL NUMBER
System control number EN-123172
037 ## - SOURCE OF ACQUISITION
Source of stock number/acquisition DBAD/PUB
082 ## - DEWEY DECIMAL CLASSIFICATION NUMBER
Classification number 658.4012
100 ## - MAIN ENTRY--PERSONAL NAME
Personal name Moira Singh
245 ## - TITLE STATEMENT
Title Understsnding Strategic Management/
Statement of responsibility, etc By Moira Singh and Virendra S. Poonia
260 ## - PUBLICATION, DISTRIBUTION, ETC. (IMPRINT)
Place of publication, distribution, etc Shahdara
Name of publisher, distributor, etc Abhay Publication
Date of publication, distribution, etc 2021
270 ## - ADDRESS
City NewDelhi
Address 1/11083, Lane NO. 8, Subhash Park
Postal code 110032
300 ## - PHYSICAL DESCRIPTION
Extent 280p.
Dimensions 24cm(Hb)
700 ## - ADDED ENTRY--PERSONAL NAME
Personal name Poonia, Virender S.
9 (RLIN) 63055
Relator term Author
942 ## - ADDED ENTRY ELEMENTS (KOHA)
Source of classification or shelving scheme Dewey Decimal Classification
Item type English Books
Classification part 658.4012
Call number suffix MOI
Holdings
Withdrawn status Lost status Not for loan Collection code Home library Current library Date acquired Source of acquisition Cost, normal purchase price Full call number Barcode Copy number Cost, replacement price Koha item type
      Non-fiction Bawana Bawana 11/03/2024 DBAD 1500.00 658.4012 MOI EN-123172 1 1500.00 English Books

© Delhi Public Library
Hit Counter
free hit counter